DEL Teams nach Instagram Followern - Statistiken

Allgemein
  • Dieses Quiz wurde 36 mal gespielt
  • Das Durchschnittsergebnis liegt bei 9 aus 14
Antwortstatistiken
Follower Team % Korrekt
112.000 Kölner Haie
100%
97.100 Eisbären Berlin
97%
85.600 Adler Mannheim
87%
70.900 EHC Red Bull München
80%
43.700 Löwen Frankfurt
63%
53.700 Augsburger Panther
60%
26.000 Dresdner Eislöwen
57%
42.200 Nürnberg Ice Tigers
53%
41.600 Straubing Tigers
53%
34.200 Iserlohn Roosters
50%
29.600 Grizzlys Wolfsburg
47%
33.400 ERC Ingolstadt
40%
34.400 Fischtown Pinguins Bremerhaven
40%
41.400 Schwenninger Wild Wings
37%
Keine übereinstimmenden Quizze gefunden
Verteilung der Resultate
Anzahl Personen mit jedem Resultat
Perzentil nach korrekt beantworteten Fragen
Ihre Resultats-Entwicklung
Sie haben dieses Quiz noch nicht gespielt